000 00621cab a2200193 4500
001 W5711
008 090401t xxu||||| |||| 00| 0 eng d
035 _a(Sirsi) u72760
041 _aeng
245 _aDavid de Kretser elected president of the RICS Quantity Surveyors division for 1993/94
260 _c(PR121/93 corp) 30 June 1993(2)
350 _a0
490 _aRICS Press Release
_v(PR121/93 corp) 30 June 1993(2)
650 _aBUILT ENVIRONMENT-QUANTITY SURVEYING
650 _aQUANTITY SURVEYORS DIVISION
690 _aMANAGEMENT-BUSINESS MANAGEMENT-PROFESSIONAL PRACTICE
942 _n0
948 _c04/03/1997
999 _c45982
_d45982